000 00430pab a2200157 454500
008 180718b1997 xxu||||| |||| 00| 0 eng d
100 _aBacot, A. Hunter
245 _aState expenditures and policy outcomes in environmental program management
260 _c1997
300 _ap.350-70
362 _aFall
650 _aEnvironmental management
700 _aDawes, Roy A.
773 _aPolicy Studies Journal
909 _a36896
999 _c36896
_d36896